| 000 | 00637nam a22001577a 4500 | ||
|---|---|---|---|
| 008 | 160506b xxu||||| |||| 00| 0 eng d | ||
| 082 |
_22014 _aUT 0498 _bSa13 |
||
| 100 |
_97666 _aSabanal, Sweet Grace V. |
||
| 245 |
_aInfluence of microfinancing to the socio-economic status of rural community in Digos City/ _cSweet Grace V. Sabanal, Mercy Grace T. Capricho and Marjorie A. Patindol. |
||
| 260 |
_aDigos City: _bUMDC _cMarch 2014. |
||
| 300 |
_a83 pages; _c29.6 cm. |
||
| 650 | 0 |
_98151 _aBusiness Administration _xUndergraduate thesis. |
|
| 700 |
_97663 _aCapricho, Mercy Grace T. |
||
| 700 |
_97664 _aPatindol, Marjorie A. |
||
| 942 |
_2ddc _cUT |
||
| 999 |
_c2338 _d2338 |
||